Unscramble! - Statistics

General Stats
  • This quiz has been taken 24 times
  • The average score is 11 of 15
Answer Stats
Hint Answer % Correct
nalresa Arsenal
95%
tews mah West Ham
95%
tronbigh Brighton
90%
vrelilopo Liverpool
85%
tonas vlail Aston Villa
80%
lsecahe Chelsea
80%
hfamull Fullham
80%
tyacrsl lapcea Crystal Palace
75%
teonhamtt Tottenham
75%
tluno wont Luton Town
70%
velows Wolves
65%
catlenwes Newcastle
60%
bnruyel Burnley
55%
teevorn Everton
55%
tontm tersof Nottm Forest
25%
No matching quizzes found
Score Distribution
Percent of People with Each Score
Percentile by Number Answered
Your Score History
You have not taken this quiz